000 01270nab a22002537a 4500
999 _c6407
_d6407
003 OSt
005 20260202112822.0
008 190429b xxu||||| |||| 00| 0 spa d
040 _cPJ
100 _97043
_aDamonte, Lisandro
245 1 3 _aEl control de la sentencia por el particular damnificado frente a los límites formales del derecho al recurso /
_cLisandro Damonte.
260 _cCiudad Autónoma de Buenos Aires :
_aThomson Reuters La Ley,
_b2023.
300 _ap. 80-106
500 _aCita Online: AR/DOC/1517/2023.
505 _aSumario: I. Perspectiva inicial.— II. La jurisprudencia.— III. Reseña de la normativa y dogmática jurídico penal planteada por el caso.— IV. Problemáticas y derivaciones jurídicas del caso analizado.— V. Corolario.— VI. Referencias bibliográficas.
505 _tSi te interesa el texto completo, solicitalo a koha@justierradelfuego.gov.ar
650 0 _9343
_aDERECHO PENAL
650 0 _92348
_aPROCESO PENAL
650 0 _94885
_aDERECHOS DE LA VÍCTIMA
650 0 _92107
_aRECURSO DE CASACION
650 0 _aARBITRARIEDAD
773 0 _02658
_93164
_tRevista de derecho penal y criminología. Nº 7 - Agosto 2023
_dCiudad Autónoma de Buenos Aires : Thomson Reuters La Ley, 2017-
_x00347914
942 _2udc
_cANA